Normal view
MARC view
- Literature
Entry Topical Term
001 - CONTROL NUMBER
- control field: 45927
003 - CONTROL NUMBER IDENTIFIER
- control field: NUST
005 - DATE AND TIME OF LATEST TRANSACTION
- control field: 20210314133356.0
008 - FIXED-LENGTH DATA ELEMENTS
- fixed length control field: 210314|| aca||aabn | a|a d
040 ## - CATALOGING SOURCE
- Original cataloging agency: NUST
- Transcribing agency: NUST
150 ## - HEADING--TOPICAL TERM
- Topical term or geographic name entry element: Literature
- General subdivision: History and criticism
- General subdivision: Theory, etc
670 ## - SOURCE DATA FOUND
- Source citation: Work cat.: (NUST): Scott-James, R. A. 45925, The making of literature;, [1970]
